History of Political Economy

Salvato in:
Dettagli Bibliografici
Natura: Periodico
Lingua:inglese
Pubblicazione: Durham Duke University Press 1994
Soggetti:
Tags: Aggiungi Tag
Nessun Tag, puoi essere il primo ad aggiungerne!!

MARC

LEADER 00000nas2a2200000 4500
001 s102287
005 20240109100100.4
022 |a 0018-2702 
041 0 |a eng 
044 |a US 
245 1 0 |a History of Political Economy 
264 1 |a Durham  |b Duke University Press  |c 1994 
300 |a 1 zv. 
773 0 |w eu_un_cat*s120731 
610 2 0 |a ekonómia politická 
610 2 0 |a dejiny myslenia ekonomického